Pedagógusok meglátása a rendbontó osztálytermi viselkedésről az általános iskola 1-4. osztályaiban.

Elmentve itt :
Bibliográfiai részletek
Szerző: Hodos Enikő
További közreműködők: Szabó Éva Zsuzsanna (Témavezető)
Dokumentumtípus: Szakdolgozat
Megjelent: 2022
Tárgyszavak:
Online Access:http://diploma.bibl.u-szeged.hu/137237
LEADER 00800nta a2200193 i 4500
001 dipl137237
005 20230725085822.0
008 230725s2022 hu om 0|| hun d
040 |a SZTE Diploma Repozitórium  |b hun 
041 |a hun 
100 1 |a Hodos Enikő 
245 1 0 |a Pedagógusok meglátása a rendbontó osztálytermi viselkedésről az általános iskola 1-4. osztályaiban.  |h [elektronikus dokumentum] /  |c Enikő Hodos 
246 1 0 |a Elementary teachers' experiences with disruptive behavior in the classroom  |h [elektronikus dokumentum] 
260 |c 2022 
650 4 |a Bölcsészettudományok 
650 4 |a Social sciences 
650 4 |a Educational sciences 
700 1 |a Szabó Éva Zsuzsanna  |e ths 
856 4 0 |u https://diploma.bibl.u-szeged.hu/id/eprint/137237/1/2022_hodos_eniko.pdf  |z Dokumentum-elérés